000 00671nam a2200241 a 4500
001 BRCA_7965
005 20190320210055.0
008 110314s--------sp-a###f##---#000-0#spa-#
041 _aspa
044 _asp
050 4 _aN3450
_b.S82
100 1 _aSubias Galter, J.
_919747
245 1 0 _aMuseo del Prado
_cJ. Subias Galter.
260 _aBarcelona
_bPoligrafa
_c[196?]
300 _a155 p.
_bil. a color
_c23 cm.
500 _a3130
546 _aTexto en español, francés, inglés y alemán
610 2 4 _aMuseo del Prado
_vArte
_zMadrid
_919748
650 1 4 _aGalerías y museos
_zEspaña
_97331
650 1 4 _aArte
_zEspaña
_92064
902 _aGFM
942 _2lcc
_cB
999 _c7634
_d7634